MARC details
| 000 -CABECERA |
| campo de control de longitud fija |
02139nam a22002417a 4500 |
| 008 - DATOS DE LONGITUD FIJA--INFORMACIÓN GENERAL |
| campo de control de longitud fija |
250625b |||||||| |||| 00| 0 eng d |
| 020 ## - NÚMERO INTERNACIONAL ESTÁNDAR DEL LIBRO |
| Número Internacional Estándar del Libro |
9781473602373 |
| 040 ## - FUENTE DE LA CATALOGACIÓN |
| Centro/agencia transcriptor |
tbs |
| 041 ## - CÓDIGO DE LENGUA |
| Código de lengua del texto/banda sonora o título independiente |
eng |
| -- |
spa |
| 100 ## - ENTRADA PRINCIPAL--NOMBRE DE PERSONA |
| Nombre de persona |
Kattán-Ibarra, Juan |
| 9 (RLIN) |
25337 |
| Término indicativo de función/relación |
author |
| 245 ## - MENCIÓN DE TÍTULO |
| Título |
Spanish tutor |
| Resto del título |
: grammar and vocabulary workbook |
| Mención de responsabilidad, etc. |
/ Juan Kattán-Ibarra and Angela Howkins. |
| 260 ## - PUBLICACIÓN, DISTRIBUCIÓN, ETC. |
| Lugar de publicación, distribución, etc. |
London : |
| Nombre del editor, distribuidor, etc. |
Teach Yourself : John Murray Learning : Hodder & Stoughton, |
| Fecha de publicación, distribución, etc. |
2015. |
| 300 ## - DESCRIPCIÓN FÍSICA |
| Extensión |
xxx, 316 pages : |
| Otras características físicas |
illustrations ; |
| Dimensiones |
25 cm. |
| 490 ## - MENCIÓN DE SERIE |
| Mención de serie |
Teach yourself |
| 505 ## - NOTA DE CONTENIDO CON FORMATO |
| Nota de contenido con formato |
200 activities across a range of grammar and vocabulary points — Unique visuals and infographics for extra context and practice — Personal tutor hints and tips to help you to understand language rules and culture points — Learn to learn section offers tips and advice on how to be a good language learner. |
| 520 ## - SUMARIO, ETC. |
| Sumario, etc. |
Do you want to communicate easily and freely in Spanish?<br/>Master Spanish grammar and broaden your vocabulary with your very own Spanish Tutor. This contemporary interactive workbook features 200 activities across a range of grammar and vocabulary points with clear goals, concise explanations, and real-world tasks. By studying and practicing Spanish grammar you'll understand how the language really works and be able to speak Spanish with clarity and ease.<br/><br/>What will I learn?<br/>The Spanish Tutor: Grammar and Vocabulary Workbook covers a comprehensive range of the most useful and frequent grammar and vocabulary in Spanish. You can follow along unit by unit, or dip in and dip out to address your weak areas. As you progress, you will be introduced to new vocabulary and combine it with the grammar to complete extensive exercises. You will then practice the language through authentic reading and writing practice. You will achieve a solid upper intermediate level* of Spanish grammar. |
| 650 #0 - PUNTO DE ACCESO ADICIONAL DE MATERIA--TÉRMINO DE MATERIA |
| Término de materia o nombre geográfico como elemento de entrada |
Spanish language |
| Subdivisión general |
Self-instruction |
| 9 (RLIN) |
25339 |
| 650 #0 - PUNTO DE ACCESO ADICIONAL DE MATERIA--TÉRMINO DE MATERIA |
| Término de materia o nombre geográfico como elemento de entrada |
Spanish language |
| Subdivisión general |
Grammar |
| 9 (RLIN) |
10270 |
| 655 #0 - TÉRMINO DE INDIZACIÓN--GÉNERO/FORMA |
| Datos o término principal de género/forma |
Self-instruction |
| 9 (RLIN) |
24883 |
| 655 #0 - TÉRMINO DE INDIZACIÓN--GÉNERO/FORMA |
| Datos o término principal de género/forma |
Instructional and educational works |
| 9 (RLIN) |
23270 |
| 700 ## - ENTRADA AGREGADA--NOMBRE PERSONAL |
| Nombre de persona |
Howkins, Angela |
| 9 (RLIN) |
25582 |
| Término indicativo de función/relación |
author |
| 942 ## - ELEMENTOS DE ENTRADA AGREGADA (KOHA) |
| Fuente del sistema de clasificación o colocación |
Clasificación de Library of Congress |